000 00381pab a2200145 454500
008 180718b1991 xxu||||| |||| 00| 0 eng d
100 _aMacManus, Susan A.
245 _aWhy business are reluctant to sell to government
260 _c1991
300 _a328-44
362 _aJul./Aug.
650 _aGovernment and Business
773 _aPublic Administration Review
909 _a9489
999 _c9489
_d9489